Tanuló párttagok a szegedi járásban eredményes volt az oktatási évad /

Elmentve itt :
Bibliográfiai részletek
Szerző: Lődi Ferenc
Dokumentumtípus: Cikk
Megjelent: 1978-08-01
Sorozat:Délmagyarország 68 No. 179
Kulcsszavak:Szegedi járás, Oktatás pártoktatás Szegedi járás
Online Access:http://dmarchiv.bibl.u-szeged.hu/85102
LEADER 00536nab a2200157 i 4500
001 delm85102
005 20190516143137.0
008 190516s1978 hu o 0|| hun d
040 |a SZTE Délmagyarország Archívum  |b hun 
041 |a hun 
100 1 |a Lődi Ferenc 
245 1 0 |a Tanuló párttagok a szegedi járásban   |h [elektronikus dokumentum] :  |b eredményes volt az oktatási évad /  |c  Lődi Ferenc 
260 |c 1978-08-01 
300 |a 3 
490 0 |a Délmagyarország  |v 68 No. 179 
695 |a Szegedi járás, Oktatás pártoktatás Szegedi járás